[Event "Kiel op-A 27th"]
[Site "Kiel"]
[Date "2014.08.02"]
[Round "1"]
[White "Kowalski, Ben Wito"]
[Black "Hilbig, Dieter"]
[Result "1/2-1/2"]
[WhiteElo "1706"]
[BlackElo "2032"]
[PlyCount "47"]
[EventDate "2014.08.02"]
[EventType "swiss"]
[EventRounds "9"]
[EventCountry "GER"]
[SourceTitle "CBM 161 Extra"]
[Source "ChessBase"]
[SourceDate "2014.08.29"]
[SourceVersion "1"]
[SourceVersionDate "2014.08.29"]
[SourceQuality "1"]

1. e4 c5 2. Nf3 Nc6 3. d4 cxd4 4. Nxd4 e5 5. Nb5 d6 6. N1a3 a6 7. Nc3 f5 8. f3 f4 9. Qd2 Be7 10. Be2 Bh4+ 11. Kd1 Be6 12. Bc4 Qd7 13. Bxe6 Qxe6 14. Nd5 Bd8 15. b3 b5 16. Bb2 Nh6 17. Ke2 0-0 18. Rac1 Re8 19. Rhd1 Nf7 20. c4 bxc4 21. Nxc4 Ne7 22. Nc3 Bc7 23. Ba3 Red8 24. Qd3 1/2-1/2

[Event "Niedersachsen-ch U14"]
[Site "Norderney"]
[Date "2014.04.12"]
[Round "1"]
[White "Brockmeyer, Tobias"]
[Black "Kowalski, Ben Wito"]
[Result "1/2-1/2"]
[WhiteElo "1247"]
[BlackElo "1716"]
[PlyCount "193"]
[EventDate "2014.04.??"]
[EventType "swiss"]
[EventRounds "9"]
[EventCountry "GER"]
[SourceTitle "EXT 2017"]
[Source "ChessBase"]
[SourceDate "2016.10.25"]
[SourceVersion "1"]
[SourceVersionDate "2016.10.25"]
[SourceQuality "1"]

1. d4 Nf6 2. c4 g6 3. Nc3 Bg7 4. e4 d6 5. Nf3 0-0 6. Be2 Nbd7 7. 0-0 e5 8. d5 Nc5 9. Qc2 a5 10. Be3 Nfd7 11. b3 f5 12. a3 f4 13. Bxc5 Nxc5 14. b4 Nd7 15. Rab1 g5 16. Nd2 Nf6 17. Rfc1 g4 18. Qd3 Nh5 19. h3 f3 20. hxg4 Bxg4 21. Bxf3 Nf4 22. Qe3 Qh4 23. Bxg4 Qxg4 24. Qg3 Ne2+ 25. Nxe2 Qxe2 26. Qe3 Qxe3 27. fxe3 Bh6 28. Rc3 axb4 29. Rxb4 Ra7 30. Rcb3 Rfa8 31. Nb1 b6 32. Rc3 Ra4 33. Rbb3 R8a5 34. Nd2 Kf7 35. Kf2 Kf6 36. Kf3 Kg5 37. Kg3 Ra8 38. Nf3+ Kh5 39. Kh3 Rg8 40. Rb1 Rg4 41. Nd2 Ra8 42. Rf1 Rh4+ 43. Kg3 Rg8+ 44. Kf2 Rhg4 45. Rh1+ Kg6 46. a4 Rf8+ 47. Kg1 Rg3 48. Rh3 Rg4 49. Rc1 Bg5 50. Rf1 Ra8 51. Ra1 h5 52. Kf1 Bh4 53. Kg1 Kh6 54. Rh2 Rag8 55. Rf1 Bg3 56. Rh3 Be1 57. Rxe1 Rxg2+ 58. Kh1 Rxd2 59. Rf3 Ra2 60. Rf7 Rg7 61. Rf6+ Kg5 62. Rf5+ Kh4 63. Rff1 Rxa4 64. Rc1 Ra3 65. Rfe1 Rg3 66. Rf1 Raxe3 67. Rf7 Rxe4 68. Rxc7 Rgg4 69. Rc6 Re3 70. Rc2 Re1+ 71. Kh2 Re3 72. Kh1 Ree4 73. Rxb6 Rxc4 74. Rxc4 Rxc4 75. Rxd6 Kg3 76. Rg6+ Kf4 77. Kg2 e4 78. d6 Rd4 79. Kf2 e3+ 80. Ke2 Rd2+ 81. Ke1 h4 82. Rf6+ Kg3 83. Re6 Kf4 84. Rh6 Kf3 85. Rf6+ Kg2 86. Rg6+ Kh1 87. Re6 Kh2 88. Rxe3 Rxd6 89. Re2+ Kg1 90. Re3 Rd4 91. Re5 h3 92. Rg5+ Kh1 93. Kf2 Rd1 94. Rg4 h2 95. Rg5 Rg1 96. Rh5 Rf1+ 97. Kxf1 1/2-1/2

[Event "GER-chT U12"]
[Site "Schney"]
[Date "2013.12.29"]
[Round "6.1"]
[White "Kowalski, Ben Wito"]
[Black "Wiesner, Alexander"]
[Result "1/2-1/2"]
[WhiteElo "1657"]
[BlackElo "1819"]
[PlyCount "78"]
[EventDate "2013.12.27"]
[EventType "team-swiss"]
[EventRounds "7"]
[EventCountry "GER"]
[SourceTitle "EXT 2015"]
[Source "ChessBase"]
[SourceDate "2014.11.20"]
[SourceVersion "1"]
[SourceVersionDate "2014.11.20"]
[SourceQuality "1"]
[WhiteTeam "Stade"]
[BlackTeam "Karlsruhe"]
[WhiteTeamCountry "GER"]
[BlackTeamCountry "GER"]

1. f4 d5 2. Nf3 c5 3. g3 Nf6 4. Bg2 Bf5 5. 0-0 e6 6. d3 Be7 7. c3 0-0 8. Na3 Nc6 9. Nc2 Bd6 10. Nd2 e5 11. e4 dxe4 12. dxe4 Bg4 13. Qe1 Bh5 14. f5 Nd7 15. Nc4 Nb6 16. N2e3 f6 17. Qd2 Nxc4 18. Nxc4 Bc7 19. h3 Qxd2 20. Bxd2 Be2 21. Ne3 Bxf1 22. Bxf1 Ne7 23. Bc4+ Kh8 24. Nd5 Nxd5 25. Bxd5 Rab8 26. Be3 Bd6 27. Rd1 Rfd8 28. Kf2 b6 29. g4 g6 30. Ke2 Rbc8 31. g5 Be7 32. h4 gxf5 33. exf5 Rd6 34. g6 hxg6 35. fxg6 Rcd8 36. c4 f5 37. h5 f4 38. Bc1 Bg5 39. b3 e4 1/2-1/2

[Event "GER-chT U12"]
[Site "Schney"]
[Date "2013.12.28"]
[Round "4.1"]
[White "Klein, Sebastian"]
[Black "Kowalski, Ben Wito"]
[Result "0-1"]
[WhiteElo "1331"]
[BlackElo "1657"]
[PlyCount "54"]
[EventDate "2013.12.27"]
[EventType "team-swiss"]
[EventRounds "7"]
[EventCountry "GER"]
[SourceTitle "EXT 2015"]
[Source "ChessBase"]
[SourceDate "2014.11.20"]
[SourceVersion "1"]
[SourceVersionDate "2014.11.20"]
[SourceQuality "1"]
[WhiteTeam "Spaichingen"]
[BlackTeam "Stade"]
[WhiteTeamCountry "GER"]
[BlackTeamCountry "GER"]

1. c4 e5 2. Nc3 Nf6 3. g3 c6 4. Bg2 d5 5. cxd5 cxd5 6. d3 Bb4 7. a3 Bc5 8. b4 Bd4 9. Bb2 Bf5 10. Nf3 Nc6 11. b5 Qa5 12. Qd2 Ne7 13. a4 Rc8 14. Nxd4 exd4 15. Na2 Qxd2+ 16. Kxd2 Ng4 17. f3 Ne3 18. Rac1 Rxc1 19. Rxc1 Nxg2 20. Bxd4 0-0 21. Rg1 Bh3 22. Bxa7 Ra8 23. Bc5 Nf5 24. Nc3 d4 25. Ne4 Rxa4 26. Rc1 Ra2+ 27. Kd1 Nfe3# 0-1

[Event "Hamburg St Pauli op-B"]
[Site "Hamburg"]
[Date "2013.07.10"]
[Round "5"]
[White "Kowalski, Ben Wito"]
[Black "Hans, Julian"]
[Result "0-1"]
[WhiteElo "1622"]
[BlackElo "1742"]
[PlyCount "106"]
[EventDate "2013.07.06"]
[EventType "swiss"]
[EventRounds "9"]
[EventCountry "GER"]
[SourceTitle "EXT 2014"]
[Source "ChessBase"]
[SourceDate "2013.11.20"]
[SourceVersion "1"]
[SourceVersionDate "2013.11.20"]
[SourceQuality "1"]

1. e4 e6 2. d4 d5 3. e5 c5 4. c3 Nc6 5. Nf3 Qb6 6. Bd3 Bd7 7. Bc2 cxd4 8. cxd4 Nb4 9. Nc3 Nxc2+ 10. Qxc2 Ne7 11. 0-0 Ng6 12. Bg5 Be7 13. Bd2 Rc8 14. Rac1 Bb5 15. Rfe1 a5 16. Nxd5 Rxc2 17. Nxb6 Rxb2 18. Rc8+ Bd8 19. Bxa5 0-0 20. a4 Bxb6 21. Rxf8+ Kxf8 22. Bxb6 Bxa4 23. Bc5+ Ke8 24. h3 Nf4 25. Ra1 b5 26. Ba3 Rb3 27. Bc1 Nd3 28. Kf1 Nb4 29. Bd2 Nc2 30. Rc1 Rb2 31. Ke2 b4 32. Kd3 Bb5+ 33. Ke4 Bc6+ 34. Kd3 Bb5+ 35. Ke4 Bc6+ 36. Kd3 Bxf3 37. gxf3 Nxd4 38. Kxd4 Rxd2+ 39. Ke3 Rd8 40. Rb1 Rb8 41. Kd4 Kd7 42. Kc5 b3 43. Kc4 Kc6 44. f4 b2 45. f3 g6 46. h4 h5 47. Kd4 Rb4+ 48. Ke3 Kb5 49. Kf2 Ka4 50. Ke3 Ka3 51. f5 Ka2 52. Rxb2+ Kxb2 53. fxe6 fxe6 0-1

[Event "Hamburg St Pauli op-B"]
[Site "Hamburg"]
[Date "2013.07.09"]
[Round "4"]
[White "Kowalski, Ben Wito"]
[Black "Olschok, Juergen"]
[Result "1-0"]
[WhiteElo "1622"]
[BlackElo "1808"]
[PlyCount "57"]
[EventDate "2013.07.06"]
[EventType "swiss"]
[EventRounds "9"]
[EventCountry "GER"]
[SourceTitle "EXT 2014"]
[Source "ChessBase"]
[SourceDate "2013.11.20"]
[SourceVersion "1"]
[SourceVersionDate "2013.11.20"]
[SourceQuality "1"]

1. e4 e6 2. d4 d5 3. e5 c5 4. c3 Nc6 5. Nf3 Qb6 6. Bd3 cxd4 7. cxd4 Bd7 8. Bc2 Rc8 9. Nc3 Nb4 10. Ba4 Bxa4 11. Qxa4+ Qc6 12. Qxc6+ Nxc6 13. 0-0 Bb4 14. Bd2 Bxc3 15. Bxc3 Nge7 16. Rac1 h6 17. Rfd1 Kd7 18. a4 g5 19. g4 a5 20. b3 Nb4 21. Bxb4 axb4 22. Kf1 Nc6 23. Rc5 Na7 24. Ra5 Ra8 25. Rc1 Nc6 26. Rb5 Rhb8 27. Ke2 Ra5 28. Rb6 Ra6 29. Rcxc6 1-0

[Event "Niedersachsen-ch U12"]
[Site "Rotenburg"]
[Date "2013.03.28"]
[Round "10"]
[White "Kowalski, Ben Wito"]
[Black "Laubrock, Paul"]
[Result "0-1"]
[WhiteElo "1623"]
[BlackElo "1671"]
[PlyCount "76"]
[EventDate "2013.03.23"]
[EventType "swiss"]
[EventRounds "11"]
[EventCountry "GER"]
[SourceTitle "EXT 2015"]
[Source "ChessBase"]
[SourceDate "2014.11.20"]
[SourceVersion "1"]
[SourceVersionDate "2014.11.20"]
[SourceQuality "1"]

1. d4 Nf6 2. c4 e6 3. Nc3 Bb4 4. e3 b6 5. Bd3 Bb7 6. Nf3 0-0 7. 0-0 d5 8. a3 Bxc3 9. bxc3 dxc4 10. Bxc4 Ne4 11. Bb2 Nd6 12. Bd3 Nd7 13. Qe2 c5 14. e4 Rc8 15. Bc1 h6 16. Bf4 Ne8 17. Rac1 Nef6 18. Qe3 Re8 19. h3 Nf8 20. g4 Ng6 21. Rfe1 Nxf4 22. Qxf4 Qc7 23. e5 Nd7 24. g5 h5 25. g6 fxg6 26. Bxg6 Rf8 27. Qg5 Bxf3 28. Re3 Qd8 29. Qg3 h4 30. Qh2 Qg5+ 31. Kf1 cxd4 32. Ree1 Qxg6 33. cxd4 Rxc1 34. Rxc1 Qd3+ 35. Kg1 Qd2 36. Rf1 Rf5 37. Rb1 Rg5+ 38. Kf1 Be2# 0-1

[Event "Niedersachsen-ch U12"]
[Site "Rotenburg"]
[Date "2013.03.28"]
[Round "9"]
[White "Reuker, Jari"]
[Black "Kowalski, Ben Wito"]
[Result "1-0"]
[WhiteElo "1802"]
[BlackElo "1623"]
[PlyCount "51"]
[EventDate "2013.03.23"]
[EventType "swiss"]
[EventRounds "11"]
[EventCountry "GER"]
[SourceTitle "EXT 2015"]
[Source "ChessBase"]
[SourceDate "2014.11.20"]
[SourceVersion "1"]
[SourceVersionDate "2014.11.20"]
[SourceQuality "1"]

1. e4 e6 2. d4 d5 3. Nd2 Nf6 4. e5 Nfd7 5. f4 c5 6. Ngf3 Nc6 7. Nb3 Be7 8. Be2 cxd4 9. Nbxd4 Qb6 10. c3 Bc5 11. 0-0 h5 12. h4 g6 13. Kh1 Nxd4 14. cxd4 Be7 15. Qc2 Qd8 16. Ng5 Qb6 17. Bd3 Bxg5 18. fxg5 Qxd4 19. Bf4 Rg8 20. Rac1 Ke7 21. Rf3 Qb6 22. Be3 Qc6 23. Qb3 Qxc1+ 24. Bxc1 Nxe5 25. Qb4+ Kd8 26. Qd6+ 1-0

[Event "Niedersachsen-ch U12"]
[Site "Rotenburg"]
[Date "2013.03.27"]
[Round "7"]
[White "Kowalski, Ben Wito"]
[Black "Moenster, Madita"]
[Result "1-0"]
[WhiteElo "1623"]
[BlackElo "1503"]
[PlyCount "61"]
[EventDate "2013.03.23"]
[EventType "swiss"]
[EventRounds "11"]
[EventCountry "GER"]
[SourceTitle "EXT 2015"]
[Source "ChessBase"]
[SourceDate "2014.11.20"]
[SourceVersion "1"]
[SourceVersionDate "2014.11.20"]
[SourceQuality "1"]

1. e4 c5 2. Nf3 d6 3. d4 cxd4 4. Nxd4 Nf6 5. Nc3 Nc6 6. Bg5 e6 7. Qd2 Be7 8. 0-0-0 0-0 9. Kb1 a6 10. f4 Qc7 11. Be2 Rd8 12. g4 b5 13. Bf3 Bb7 14. a3 Na5 15. Nb3 Nc4 16. Qe2 Rab8 17. Rd3 Ba8 18. Rhd1 Rb6 19. Nd2 Qb8 20. Nb3 b4 21. axb4 Rxb4 22. Rd4 Rc8 23. Na2 Ra4 24. e5 Bxf3 25. Qxf3 dxe5 26. fxe5 Qxe5 27. Qb7 Rb8 28. Qxe7 Ne8 29. Bf4 Qf6 30. Qxf6 gxf6 31. Bxb8 1-0

[Event "Niedersachsen-ch U12"]
[Site "Rotenburg"]
[Date "2013.03.26"]
[Round "5"]
[White "Kowalski, Ben Wito"]
[Black "Lau, Theodor"]
[Result "1-0"]
[WhiteElo "1623"]
[BlackElo "1339"]
[PlyCount "47"]
[EventDate "2013.03.23"]
[EventType "swiss"]
[EventRounds "11"]
[EventCountry "GER"]
[SourceTitle "EXT 2015"]
[Source "ChessBase"]
[SourceDate "2014.11.20"]
[SourceVersion "1"]
[SourceVersionDate "2014.11.20"]
[SourceQuality "1"]

1. e4 c5 2. Nf3 Nc6 3. d4 cxd4 4. Nxd4 g6 5. Nc3 Bg7 6. Nf3 Nf6 7. Bc4 0-0 8. 0-0 d6 9. h3 Bd7 10. Bg5 Rc8 11. Bb3 Re8 12. Qd2 Na5 13. Rfe1 Bc6 14. Bh4 Bh8 15. Rad1 Nxb3 16. axb3 Rc7 17. e5 Bxf3 18. gxf3 Nh5 19. exd6 exd6 20. Rxe8+ Qxe8 21. Qxd6 Be5 22. Qxe5 Re7 23. Qd4 Re1+ 24. Rxe1 1-0

[Event "Niedersachsen-ch U12"]
[Site "Rotenburg"]
[Date "2013.03.25"]
[Round "4"]
[White "Alpers, Arne"]
[Black "Kowalski, Ben Wito"]
[Result "0-1"]
[WhiteElo "1187"]
[BlackElo "1623"]
[PlyCount "104"]
[EventDate "2013.03.23"]
[EventType "swiss"]
[EventRounds "11"]
[EventCountry "GER"]
[SourceTitle "EXT 2015"]
[Source "ChessBase"]
[SourceDate "2014.11.20"]
[SourceVersion "1"]
[SourceVersionDate "2014.11.20"]
[SourceQuality "1"]

1. e4 e6 2. Nf3 c5 3. d4 d5 4. e5 Nc6 5. dxc5 Bxc5 6. Bd3 Qc7 7. Qe2 Bd7 8. Nc3 a6 9. 0-0 Nge7 10. Bd2 Ng6 11. Rae1 Nd4 12. Nxd4 Bxd4 13. Bxg6 hxg6 14. Kh1 Bxc3 15. Bxc3 Bb5 16. Qe3 Bxf1 17. Rxf1 Qc4 18. Ra1 Qh4 19. h3 Rd8 20. Qd4 Qxd4 21. Bxd4 Rc8 22. c3 Kd7 23. Kg1 Rh7 24. f3 Ke7 25. Re1 f6 26. Kf2 b5 27. b4 Rh4 28. Kg3 Rxd4 29. cxd4 Rc4 30. a3 Rxd4 31. exf6+ gxf6 32. Re3 a5 33. bxa5 Ra4 34. a6 Rxa6 35. Rb3 Kd6 36. Rxb5 Rxa3 37. Rb6+ Ke5 38. Kf2 Rc3 39. Rb4 Rc4 40. Rxc4 dxc4 41. Ke3 g5 42. g3 Kf5 43. Kd4 e5+ 44. Kxc4 e4 45. fxe4+ Kxe4 46. g4 Kf3 47. Kd4 Kg3 48. Ke4 Kxh3 49. Kf5 Kg3 50. Kxf6 Kxg4 51. Ke5 Kf3 52. Kf5 g4 0-1

[Event "Niedersachsen-ch U12"]
[Site "Rotenburg"]
[Date "2012.04.03"]
[Round "6"]
[White "Kowalski, Ben Wito"]
[Black "Kuzyak, Vadym"]
[Result "0-1"]
[WhiteElo "1052"]
[BlackElo "1204"]
[PlyCount "40"]
[EventDate "2012.03.31"]
[EventType "swiss"]
[EventRounds "11"]
[EventCountry "GER"]
[SourceTitle "EXT 2015"]
[Source "ChessBase"]
[SourceDate "2014.11.20"]
[SourceVersion "1"]
[SourceVersionDate "2014.11.20"]
[SourceQuality "1"]

1. d4 Nf6 2. Nc3 e6 3. e4 Bb4 4. Bd2 Bxc3 5. Bxc3 Nxe4 6. Qd3 d5 7. f3 Qh4+ 8. Ke2 b6 9. fxe4 Ba6 10. Qxa6 Nxa6 11. Nf3 Qxe4+ 12. Kf2 Qxc2+ 13. Be2 b5 14. Rhd1 Qg6 15. Ne5 Qf6+ 16. Nf3 b4 17. Bd2 Nb8 18. Bb5+ c6 19. Ba4 a5 20. Bg5 Qg6 0-1

[Event "Niedersachsen-ch U12"]
[Site "Rotenburg"]
[Date "2012.04.02"]
[Round "4"]
[White "Mildner, Ramon"]
[Black "Kowalski, Ben Wito"]
[Result "1-0"]
[WhiteElo "1630"]
[BlackElo "1052"]
[PlyCount "85"]
[EventDate "2012.03.31"]
[EventType "swiss"]
[EventRounds "11"]
[EventCountry "GER"]
[SourceTitle "EXT 2015"]
[Source "ChessBase"]
[SourceDate "2014.11.20"]
[SourceVersion "1"]
[SourceVersionDate "2014.11.20"]
[SourceQuality "1"]

1. e4 c5 2. Nf3 e6 3. c3 Nc6 4. d4 cxd4 5. cxd4 Qc7 6. Nc3 Bb4 7. Qb3 d6 8. d5 exd5 9. exd5 Bxc3+ 10. Qxc3 Qe7+ 11. Be3 Ne5 12. Nxe5 Qxe5 13. Be2 Nf6 14. Qxe5+ dxe5 15. Rd1 0-0 16. 0-0 h6 17. h3 Rd8 18. Bc4 Bf5 19. b4 Be4 20. d6 b6 21. Rfe1 Rac8 22. Bb5 Rc3 23. a4 Nd5 24. Bxb6 Nxb6 25. Rxe4 f6 26. a5 Nd7 27. Bxd7 Rxd7 28. f4 Rc6 29. fxe5 fxe5 30. Rxe5 Rdxd6 31. Rxd6 Rxd6 32. Re7 Rd4 33. Rb7 Kf8 34. b5 Rd5 35. b6 axb6 36. axb6 Rb5 37. Rb8+ Ke7 38. b7 Kd7 39. Rg8 Rxb7 40. Rxg7+ Kc6 41. Rxb7 Kxb7 42. Kh2 Kc6 43. Kg3 1-0

[Event "Niedersachsen-ch U12"]
[Site "Rotenburg"]
[Date "2012.04.01"]
[Round "3"]
[White "Kowalski, Ben Wito"]
[Black "Phunhon Lopez, Daniel Alejandro"]
[Result "1-0"]
[WhiteElo "1052"]
[BlackElo "1307"]
[PlyCount "59"]
[EventDate "2012.03.31"]
[EventType "swiss"]
[EventRounds "11"]
[EventCountry "GER"]
[SourceTitle "EXT 2015"]
[Source "ChessBase"]
[SourceDate "2014.11.20"]
[SourceVersion "1"]
[SourceVersionDate "2014.11.20"]
[SourceQuality "1"]

1. d4 Nf6 2. Nc3 d5 3. Bf4 c6 4. Nf3 Bg4 5. h3 Bxf3 6. exf3 e6 7. a3 Bd6 8. Bxd6 Qxd6 9. Bd3 0-0 10. 0-0 Nbd7 11. Qd2 a6 12. Rfe1 c5 13. dxc5 Nxc5 14. Re2 Rfc8 15. Rae1 Nh5 16. g3 b5 17. b4 Nxd3 18. Qxd3 Rc4 19. Ne4 Qe5 20. Nd2 Qc7 21. Nxc4 dxc4 22. Qe4 Rd8 23. Qe3 Rd5 24. Rd2 Rxd2 25. Qxd2 h6 26. Rd1 Qc6 27. Qe2 Nf6 28. Rd8+ Ne8 29. Qe4 Qc7 30. Rxe8# 1-0